000 00593nam a2200193Ia 4500
003 GCL
008 140319s9999 xx 000 0 ara d
040 _aGCL /
_cGCL
082 0 4 _aق
_b932
_bم ع
245 1 0 _aعودة مومياء ملكية
260 _aالقاهرة :
_bالمجلس الاعلى للاثار
300 _a ؛
_c20 سم
650 0 4 _aالحضارة الفرعونية
650 0 4 _aالاثار الفرعونية
650 0 4 _aالمصريون القدماء
650 0 4 _aالمومياءات
650 0 4 _aمصر القديمة - تاريخ
942 _2ddc
_cBK
999 _c8580
_d8580